000
00317nam a22001337a 4500
008
170331b xxu||||| |||| 00| 0 eng d
020
_a
9780815199304
041
_a
eng
080
_2
3RD
_a
616-053.2
100
_a
8
101
_a
SHM
245
_a
ATLAS OF PEDIATRIC PHYSICAL DIAGNOSIS
_c
ZITELLI, B.J
942
_2
udc
_c
BK
999
_c
9284
_d
9284